Statistiques concernant Éléments qui sont des gaz à température ambiante

Cliquez ici pour prendre le quiz!

Statistiques générales

  • Ce quiz a été pris 1 392 fois
    (1 364 depuis la dernière actualisation)
  • Le résultat moyen est 7 sur 11

Statistiques - réponses

Élément% Correct
Oxygène
93%
Hydrogène
86%
Azote
85%
Hélium
84%
Néon
70%
Argon
64%
Xénon
59%
Krypton
47%
Fluor
45%
Radon
44%
Chlore
41%

Distribution des résultats

Percentile par nombre de réponses

% des personnes avec chaque résultat

Votre développement - résultats

Vous n’avez pas pris ce quiz depuis la dernière actualisation